Original Area Codes for USA - Statistics

General Stats
  • This quiz has been taken 278 times
    275 since last reset
  • The average score is 14 of 140
Answer Stats
Hint Answer % Correct
202 DC
57%
212 New York City
48%
201 New Jersey (north)
39%
213 Los Angeles
35%
312 Chicago
32%
203 Connecticut (all)
31%
305 Florida (east coast)
28%
303 Colorado (all)
26%
313 Detroit
25%
301 Maryland (all)
25%
215 Philadelphia
25%
404 Georgia (Atlanta)
24%
206 Washington (west)
21%
205 Alabama (all)
20%
415 California (San Francisco)
20%
214 Dallas
20%
208 Idaho (all)
19%
207 Maine (all)
19%
302 Delaware (all)
17%
808 Hawaii
17%
315 New York (Rochester)
17%
617 Massachusetts (Boston)
16%
412 Pennsylvania (Pittsburg)
16%
314 St Louis
16%
917 New York (Manhattan)
15%
718 New York (NYC)
15%
401 Rhode Island (all)
15%
703 Virginia (west)
15%
407 Florida (Orlando)
14%
216 Ohio (Cleveland)
14%
801 Utah (all)
14%
304 West Virginia (all)
14%
209 California (Stockton)
13%
217 Illinois (Springfield)
12%
204 Manitoba (all)
12%
702 Nevada (all)
12%
704 North Carolina (west)
12%
307 Wyoming (all)
12%
818 California (Burbank)
11%
504 Louisiana (New Orleans)
11%
402 Nebraska (east)
11%
609 New Jersey (south)
11%
505 New Mexico (all)
11%
602 Arizona (all)
10%
219 Indiana (northern)
10%
515 Iowa (Des Moines)
10%
406 Montana (all)
10%
518 New York (Albany)
10%
914 New York (Yonkers)
10%
919 North Carolina (east)
10%
405 Oklahoma (west)
10%
610 Pennsylvania (east)
10%
414 Wisconsin (Milwaukee)
10%
907 Alaska (all)
9%
501 Arkansas (all)
9%
408 California (San Jose)
9%
317 Indiana (Indianapolis)
9%
316 Kansas (south)
9%
502 Kentucky (west)
9%
612 Minnesota (M/SP)
9%
218 Minnesota (northern)
9%
603 New Hampshire (all)
9%
516 New York (Long Island)
9%
503 Oregon (all)
9%
309 Illinois (west)
8%
508 Massachusetts (central)
8%
413 Massachusetts (west)
8%
616 Michigan (west)
8%
513 Ohio (west)
8%
416 Ontario (Toronto)
8%
615 Tennessee (east)
8%
512 Texas (south)
8%
804 Virginia (south)
8%
510 California (east Bay)
7%
308 Nebraska (west)
7%
716 New York (Buffalo)
7%
607 New York (south central)
7%
614 Ohio (SE)
7%
419 Ohio (Toledo)
7%
306 Saskatchewan (all)
7%
605 South Dakota (all)
7%
901 Tennessee (Memphis)
7%
713 Texas (Houston)
7%
403 Alberta (all)
6%
714 California (Anaheim)
6%
619 California (San Diego)
6%
813 Florida (Tampa)
6%
706 Georgia (north)
6%
717 Pennsylvania (Harrisburg)
6%
803 South Carolina (all)
6%
802 Vermont (all)
6%
707 California (north coast)
5%
916 California (Sacramento)
5%
909 California (San Bernadino)
5%
708 Illinois (Chicago suburbs)
5%
318 Louisiana (west)
5%
517 Michigan (central)
5%
601 Mississippi (all)
5%
816 Missouri (KC)
5%
908 New Jersey (northern)
5%
910 North Carolina (Fayetteville)
5%
701 North Dakota (all)
5%
514 Quebec (Montreal)
5%
608 Wisconsin (sw)
5%
604 British Columbia (all)
4%
805 California (Santa Barbara)
4%
719 Colorado (west)
4%
904 Florida (Jacksonville)
4%
618 Illinois (south)
4%
913 Kansas (north)
4%
606 Kentucky (east)
4%
507 Minnesota (south)
4%
417 Missouri (south)
4%
613 Ontario (Ottawa)
4%
814 Pennsylvania (west)
4%
418 Quebec (east)
4%
915 Texas (El Paso)
4%
715 Wisconsin (north)
4%
912 Georgia (south)
3%
815 Illinois (north)
3%
712 Iowa (west)
3%
906 Michigan (U.P.)
3%
506 New Brunswick
3%
905 Ontario (Hamilton)
3%
519 Ontario (Windsor)
3%
903 Texas (east)
3%
817 Texas (Fort Worth)
3%
509 Washington (east)
3%
812 Indiana (south)
2%
810 Michigan (Flint)
2%
902 Nova Scotia / PEI
2%
918 Oklahoma (east)
2%
705 Ontario (SSM)
2%
806 Texas (panhandle)
2%
319 Iowa (east)
1%
709 Newfoundland (all)
1%
807 Ontario (Thunder Bay)
1%
809 Puerto Rico & Caribbean
1%
819 Quebec (Trois Rivieres)
1%
710 US NCS (national)
0%
No matching quizzes found
Score Distribution
Percent of People with Each Score
Percentile by Number Answered
Your Score History
You have not taken this quiz since the last reset